000 00956nam a2200217 a 4500
001 000013700
005 20240226094336.0
008 091127s1959 dr 000 0 spa d
040 _aDO-SdBNP
_bspa
_cBNPHU
082 _a196.1
_bJ61m
100 1 _aJiménez Grullón, Juan Isidro,
_d1903-1983
_931134
245 1 0 _aAl margen de Ortega y Gasset.
260 _aHabana, Cuba :
_b[s.n.],
_c1959.
300 _a3v. ;
_c24 cm.
500 _av.2-3 publicado en Merida, Venezuela, Facultad de Humanidades de la Universidad de los Andes
505 0 _gv.1. Crítica a "El tema de nuestro tiempo --
_gv.2. Crítica a "En torno a Galileo --
_gv.3. Crítica a "La rebelión de las masas
600 1 4 _aORTEGA Y GASSET, JOSÉ
_d1883-1955
_tTEMA DE NUESTRO TIEMPO
_931135
600 1 4 _aORTEGA Y GASSET, JOSÉ
_d1883-1955
_tEN TORNO A GALILEO
_931136
600 1 4 _aORTEGA Y GASSET, JOSÉ
_d1883-1955
_tREBELIÓN DE LAS MASAS
_931137
910 _aValidado. Control de calidad MFF
999 _c13313
_d13313